MARC

LEADER 00000nas a2200000 i 4500
001 ssj0000941058
003 WaSeSS
005 20200512172242.0
006 m d
007 cr n
008 120211c20029999ck ar s 0 0spa c
010 |a  2013240161 
022 |y 0120-7555 
035 |a (WaSeSS)ssj0000941058 
040 |a AU@  |b eng  |c AU@  |d YAM  |d OCLCQ  |d HUA  |d OCLCO  |d IXA  |d OCLCO  |d CUS  |d OCLCF  |d OCLCO  |d OCLCQ  |d OCLCO  |d OCLCA  |d CLU  |d VT2  |d UAB  |d U3W  |d WaSeSS 
042 |a pcc 
043 |a s-ck---  |a cl----- 
050 1 4 |a G155.C6 
130 0 |a Turismo y sociedad (Bogotá, Colombia) 
245 1 0 |a Anuario turismo y sociedad  |h [electronic resource]. 
246 3 0 |a Turismo y sociedad 
260 |a Bogotá :  |b Facultad de Administración de Empresas Turísticas y Hoteleras, Universidad Externado de Colombia,  |c 2002- 
310 |a Annual 
362 1 |a Began with vol. 1 (2002). 
506 |a License restrictions may limit access. 
588 |a Description based on: Vol. 1 (2002); title from HTML header (publisher's Web site, viewed May 15, 2013). 
588 |a Latest issue consulted: Vol. 12 (2011) (viewed May 15, 2013). 
650 0 |a Tourism  |z Colombia  |v Periodicals. 
650 0 |a Tourism  |z Latin America  |v Periodicals. 
650 0 |a Tourism  |x Social aspects  |v Periodicals. 
650 0 |a Culture and tourism  |z Colombia  |v Periodicals. 
650 0 |a Culture and tourism  |z Latin America  |v Periodicals. 
650 0 |a Culture and tourism  |v Periodicals. 
650 7 |a Culture and tourism.  |2 fast  |0 (OCoLC)fst00885097 
650 7 |a Tourism.  |2 fast  |0 (OCoLC)fst01153142 
650 7 |a Tourism  |x Social aspects.  |2 fast  |0 (OCoLC)fst01153202 
650 7 |a Travel.  |2 fast  |0 (OCoLC)fst01155558 
651 0 |a Colombia  |x Description and travel  |v Periodicals. 
651 7 |a Colombia.  |2 fast  |0 (OCoLC)fst01205916 
651 7 |a Latin America.  |2 fast  |0 (OCoLC)fst01245945 
655 0 |a Electronic journals. 
710 2 |a Universidad Externado de Colombia.  |b Facultad de Administración de Empresas Turísticas y Hoteleras. 
776 0 8 |i Print version:  |t Turismo y sociedad (Bogotá, Colombia)  |x 0120-7555  |w (DLC) 2019223300  |w (OCoLC)1081175987 
856 4 0 |z Full text available from Research Library: 01/01/2011 to present  |u https://search.proquest.com/publication/2027535